00337pab a2200121 454500008004000000100001600040245008600056260000900142300001300151362001200164650002100176773001800197180718b2004 xxu||||| |||| 00| 0 eng d aYishan, Xia aTrilateral coopertion in the energy resources sector between China, India, Russia c2004 ap.68-76. aOct-Dec aEnergy resources aWorld Affairs